FA/G (Record no. 104368)

MARC details
000 -LEADER
fixed length control field 01942cam a2200289 4500
001 - CONTROL NUMBER
control field ##L130148
008 - FIXED-LENGTH DATA ELEMENTS--GENERAL INFORMATION
fixed length control field 050628n2005 000 0 eng u
020 ## - INTERNATIONAL STANDARD BOOK NUMBER
International Standard Book Number 0418826404
035 ## - SYSTEM CONTROL NUMBER
System control number (Sirsi) u130148
041 0# - LANGUAGE CODE
Language code of text/sound track or separate title eng
050 04 - LIBRARY OF CONGRESS CALL NUMBER
Classification number 692.8 $2 18
110 2# - MAIN ENTRY--CORPORATE NAME
Corporate name or jurisdiction name as entry element Joint Contracts Tribunal
9 (RLIN) 3664
240 00 - UNIFORM TITLE
Uniform title FA/G 05
245 00 - TITLE STATEMENT
Title FA/G
Remainder of title Framework Agreement Guide 2005
260 ## - PUBLICATION, DISTRIBUTION, ETC.
Place of publication, distribution, etc. London
Name of publisher, distributor, etc. Thompson Sweet and Maxwell
Date of publication, distribution, etc. 2005
300 ## - PHYSICAL DESCRIPTION
Extent ii, 14p.
Dimensions 30cm.
350 ## - PRICE (NR) (BK AM CF MU VM SE) [OBSOLETE]
Price 15.95
505 2# - FORMATTED CONTENTS NOTE
Formatted contents note The JCT Framework Agreement -- The role of the framework agreement -- The framework objectives -- Performance monitoring and appraisal -- The framework objectives -- Performance monitoring and appraisal -- The framework term -- Public sector considerations -- Legal status of framwork agreement -- Contracts (Rights of Third Parties) Act 1999 -- Applicable law and jurisdiction -- Organisational structures and decision making -- Collaborative Working -- The service provider's supply chain -- Sharing of information an know-how -- Communications protocol -- Confidentiality -- Risk assessment and risk allocation -- Health and safety -- Sustainable development and environmental considerations -- Value engineering -- Change control procedures -- Early warning -- Team approach to problem solving -- Performance indicators -- Termination -- Settlement of disputes -- Mode of execution -- Filling in the framework particulars
520 ## - SUMMARY, ETC.
Summary, etc. Provides a guide to both the JCT Framework Agreement (2005 Edition) and the JCT Framework Agreement Non-Binding (2005 Edition).
650 24 - SUBJECT ADDED ENTRY--TOPICAL TERM
Topical term or geographic name entry element CONTRACTS (RIGHTS OF THIRD PARTIES) ACT 1999
650 24 - SUBJECT ADDED ENTRY--TOPICAL TERM
Topical term or geographic name entry element JCT FRAMEWORK AGREEMENT (2005 EDITION)
650 24 - SUBJECT ADDED ENTRY--TOPICAL TERM
Topical term or geographic name entry element JCT FRAMEWORK AGREEMENT NON-BINDING (2005 EDITION)
651 #4 - SUBJECT ADDED ENTRY--GEOGRAPHIC NAME
Geographic name United Kingdom
Chronological subdivision
690 ## - LOCAL SUBJECT ADDED ENTRY--TOPICAL TERM (OCLC, RLIN)
Topical term or geographic name as entry element BUILT ENVIRONMENT-BUILDING CONTRACT FORMS-STANDARD FORMS OF BUILDING CONTRACT-JOINT CONTRACTS TRIBUNAL CONTRACTS
942 ## - ADDED ENTRY ELEMENTS (KOHA)
Suppress in OPAC 0
Holdings
Withdrawn status Lost status Source of classification or shelving scheme Damaged status Not for loan Home library Current library Shelving location Date acquired Cost, normal purchase price Total Checkouts Full call number Barcode Date last seen Copy number Cost, replacement price Price effective from Koha item type Date last checked out
    Dewey Decimal Classification     London London Boxed set 15/11/2005 15.95   JCT 2005/3 30063465 06/08/2019 1 15.95 06/08/2019 Reference material  
    Dewey Decimal Classification     London London Boxed set 18/05/2006 15.95 5 JCT 2005/3 30071465 06/08/2019 2 15.95 06/08/2019 Book 03/11/2006